Study on the prevalence of gastrointinal parasites in dog at baty district, takeo province, (កម្រិតរាលដាលបរាសិតក្នុងក្រពះ ពោះវៀនសុនខ ក្នុងស្រុកបាទី ខេត្តតាកែវ) (Record no. 2584)

000 -LEADER
fixed length control field 00650nam a22001577a 4500
003 - CONTROL NUMBER IDENTIFIER
control field OSt
005 - DATE AND TIME OF LATEST TRANSACTION
control field 20151024113133.0
008 - FIXED-LENGTH DATA ELEMENTS--GENERAL INFORMATION
fixed length control field 151024b xxu||||| |||| 00| 0 eng d
040 ## - CATALOGING SOURCE
Transcribing agency RUA
082 ## - DEWEY DECIMAL CLASSIFICATION NUMBER
Classification number AVM CHU 2012 B101 Or.1
100 ## - MAIN ENTRY--PERSONAL NAME
9 (RLIN) 2760
Personal name CHUN MENGLAY
245 ## - TITLE STATEMENT
Title Study on the prevalence of gastrointinal parasites in dog at baty district, takeo province, (កម្រិតរាលដាលបរាសិតក្នុងក្រពះ ពោះវៀនសុនខ ក្នុងស្រុកបាទី ខេត្តតាកែវ)
260 ## - PUBLICATION, DISTRIBUTION, ETC. (IMPRINT)
Place of publication, distribution, etc. Phnom Penh
Name of publisher, distributor, etc. Rua
Date of publication, distribution, etc. 2012
300 ## - PHYSICAL DESCRIPTION
Extent vii;46p.
Other physical details ill.
Dimensions 29cm.
942 ## - ADDED ENTRY ELEMENTS (KOHA)
Source of classification or shelving scheme
Koha item type AVM
Holdings
Price effective from Date last seen Permanent Location Not for loan Date acquired Source of classification or shelving scheme Koha item type Lost status Withdrawn status Date last checked out Total Checkouts Shelving location Damaged status Barcode Current Location Full call number
2015-10-242016-07-15Library Block B 2015-10-24 AVM  2016-06-081B101 RUA018030Library Block BAVM CHU 2012 B101 Or.1
2015-10-242015-10-24Library Block B 2015-10-24 AVM    B101 RUA018108Library Block BAVM CHU 2012 B101 Or.2
2015-10-242016-09-26Library Block B 2015-10-24 AVM  2016-09-061B101 RUA018036Library Block BAVM CHU 2012 B101 Or.3
2015-10-242015-10-24Library Block B 2015-10-24 AVM    B101 RUA018190Library Block BAVM CHU 2012 B101 Or.4
2015-10-242018-05-30Library Block B 2015-10-24 AVM  2018-05-214B101 RUA007949Library Block BAVM CHU 2012 B101 Or.5
2015-10-242025-11-12Library Block B 2015-10-24 AVM  2024-12-112B101 RUA017941Library Block BAVM CHU 2012 B101 Or.6
2015-10-242015-10-24Library Block B 2015-10-24 AVM    B101 RUA017507Library Block BAVM CHU 2012 B101 Or.7
2015-10-282016-03-17Library Block B 2015-10-28 AVM  2016-02-051B101 RUA016784Library Block BAVM CHU 2012 B101 Or.8
2019-07-122019-07-12Library Block B 2019-07-12 AVM    B1.230 A37536Library Block BAVM CHU 2012 B1.230 Or.1
មជ្ឈមណ្ឌលឯការនៃសាកលវិទ្យាល័យភូមិន្ទកសិកម្មចំការដូង

Powered by Koha